Missing Word: Who's Who Movies Quiz Stats

Quiz Updated Mar 8, 2016

Challenge
Share
Tweet
Embed
Score 0/20 Timer 04:00
2 Plays Today
Who's Who Movies Missing Word % Correct
Who Framed Roger ___Rabbit
95.7%
___ Hears a Who!Horton
90.8%
The Men Who ___ at GoatsStare
88.9%
Austin Powers: The Spy Who ___ MeShagged
85.5%
Guess Who's Coming to ___Dinner
84.2%
Look Who's ___Talking
83.8%
The Man Who Knew Too ___Little
80.5%
The Man Who ___ Too MuchKnew
79.8%
Who's Afraid of ___ Woolf?Virginia
76.8%
The ___ Who Wasn't ThereMan
75.1%
Who's Who Movies Missing Word % Correct
The Spy Who ___ MeLoved
72.7%
I Know Who ___ MeKilled
67%
The Man Who Would Be ___King
66.6%
Who's That ___Girl
63.3%
The Spy Who Came in from the ___Cold
55.6%
___ WhoGuess
51.4%
The Man Who ___ to EarthFell
47.6%
The Man Who Shot ___ ValanceLiberty
43.5%
Who's Harry ___?Crumb
28.1%
The ___ Who Don't Do AnythingPirates
18.2%

Today's Daily Dose

Missing Word
Ubisoft Games

Word Ladder
Physics Phun

Quick Pick
Me an EGOT II

On This Day
May 27th II

You're not logged in!

Compare scores with friends on all Sporcle quizzes.
Join for Free
OR
Log In

You Might Also Like...

Show Comments

Extras

Top Quizzes Today


Score Distribution

Your Account Isn't Verified!

In order to create a playlist on Sporcle, you need to verify the email address you used during registration. Go to your Sporcle Settings to finish the process.

Report this User

Report this user for behavior that violates our Community Guidelines.

Details: